000 00342nam a22001457a 4500
008 210428b ||||| |||| 00| 0 eng d
020 _a9781566371223
041 _aeng
080 _a72
082 _a72
100 _a41
101 _aARK
245 _aArchitecture Residential drawing and Design
_cClois E. Kicklighter
942 _2udc
_cBK
999 _c56870
_d56870